The age of Leif Eriksson

Bibliographic Details
Main Author: Humble, Richard
Format: Book
Published: London : Franklin Watts , 1989
Series:Exploration through the ages
Subjects:

MARC

LEADER 00000cam a2200000 7i4500
001 0000005542
002 000005993
005 20060120.0
020 |a 0863138748 
090 0 0 |a 910.4   |b HUM 
100 1 |a Humble, Richard 
245 1 4 |a The age of Leif Eriksson   |c Richard Humble 
260 |a London :   |b Franklin Watts ,   |c 1989 
300 |a 32p ;   |c 29cm. 
490 0 |a Exploration through the ages 
650 0 0 |a Erikson, Leif   |x Biographies 
999 |a 026791   |b BUKU   |c JUNIOR BOOKS   |e PERPUSTAKAAN KOMUNITI CAW KOTA DAMANSARA